Languages that are Official in more than One Continent - Statistics

General Stats
  • This quiz has been taken 7,952 times
  • The average score is 25 of 34
Answer Stats
ANSWER Language-Continent Countries % Correct
ENGLISH
99%
FRENCH
98%
SPANISH
98%
ARABIC
91%
PORTUGUESE
90%
Russian in Europe Belarus, Russia
87%
English in Europe Ireland, Malta, United Kingdom
82%
DUTCH
82%
English in North America Antigua and Barbuda, Bahamas, Barbados, Belize, Canada, Dominica, Grenada, Jamaica, Saint Kitts and Nevis, Saint Lucia, Saint Vincent and the Grenadines, Trinidad and Tobago
81%
French in North America Canada, Haiti
80%
Arabic in Africa Algeria, Chad, Comoros, Djibouti, Egypt, Eritrea, Libya, Mauritania, Morocco, Somalia, Sudan, Tunisia
79%
Spanish in Europe Spain
78%
English in Oceania Federated States of Micronesia, Fiji, Kiribati, Marshall Islands, Nauru, New Zealand, Palau, Papua New Guinea, Samoa, Solomon Islands, Tonga, Tuvalu, Vanuatu
78%
Spanish in South America Argentina, Bolivia, Chile, Colombia, Ecuador, Paraguay, Peru, Uruguay, Venezuela
77%
Portuguese in South America Brazil
77%
English in Africa Cameroon, Eritrea, Gambia, Ghana, Kenya, Lesotho, Liberia, Malawi, Namibia, Nigeria, Rwanda, Seychelles, Sierra Leone, South Africa, South Sudan, Sudan, Swaziland, Tanzania, Uganda, Zambia, Zimbabwe
77%
Arabic in Asia Bahrain, Iraq, Israel, Jordan, Kuwait, Lebanon, Oman, Qatar, Saudi Arabia, Syria, United Arab Emirates, Yemen
77%
French in Africa Benin, Burkina Faso, Burundi, Cameroon, Central African Republic, Chad, Comoros, Cote d'Ivoire, Democratic Republic of the Congo, Djibouti, Equatorial Guinea, Gabon, Guinea, Madagascar, Mali, Niger, Republic of the Congo, Rwanda, Senegal, Seychelles, Togo
76%
Portuguese in Europe Portugal
74%
French in Europe Belgium, France, Luxembourg, Monaco, Switzerland
74%
English in Asia India, Pakistan, Philippines, Singapore
74%
RUSSIAN
73%
Dutch in Europe Belgium, Netherlands
70%
Portuguese in Africa Angola, Cape Verde, Equatorial Guinea, Guinea-Bissau, Mozambique, São Tomé and Príncipe
68%
Spanish in North America Costa Rica, Cuba, Dominican Republic, El Salvador, Guatemala, Honduras, Nicaragua, Panama
66%
English in South America Guyana
65%
Dutch in South America Suriname
65%
Russian in Asia Kazakhstan, Kyrgyzstan
59%
GREEK
52%
Spanish in Africa Equatorial Guinea
49%
Greek in Europe Greece
47%
Greek in Asia Cyprus
45%
Portuguese in Asia East Timor
42%
French in Oceania Vanuatu
30%
No matching quizzes found
Score Distribution
Percent of People with Each Score
Percentile by Number Answered
Your Score History
You have not taken this quiz